000 00944nam a2200193Ii 4500
003 JO-AjNU
008 230605s9999||||xx |||||||||||||| ||und||
040 _aJO-AjNU
_bara
_erda
_cJO-AjNU
041 _aara
050 1 4 _aQA76 2016
100 3 _aاعداد يارا سمير محمد الغزو، دعاء محمد يوسف ربابعه؛ اشراف محمد علي بني يونس ,
_eauthor
_958277
245 0 0 _aتصميم (3D) لجامعة عجلون الوطنيه = 3D Design of the Ajloun National University
264 3 1 _aعجلون: جامعة عجلون الوطنيه، 2016
300 _a23ص
_bمشروع تخرج جامعة عجلون الوطنيه ( عجلون ، الاردن) كلية تكنولوجيا المعلومات، 2016
336 _atext
_btxt
_2rdacontent
337 _aunmediated
_bn
_2rdamedia
338 _avolume
_bnc
_2rdacarrier
650 4 _aتكنولوجيا المعلومات - تصميم 3D
_958278
999 _aA26162
_c29730
_d29730